¿Qué hacer? / (Registro nro. 21602)
[ vista simple ]
| 000 -CABECERA | |
|---|---|
| campo de control de longitud fija | 00545nam a2200217 a 4500 |
| 001 - NÚMERO DE CONTROL | |
| campo de control | 000022104 |
| 005 - FECHA Y HORA DE LA ÚLTIMA TRANSACCIÓN | |
| campo de control | 20200930011601.0 |
| 008 - DATOS DE LONGITUD FIJA--INFORMACIÓN GENERAL | |
| campo de control de longitud fija | 100916s1978 sp r 000 |bspa d |
| 020 ## - NÚMERO INTERNACIONAL ESTÁNDAR DEL LIBRO | |
| Número Internacional Estándar del Libro | 8473390725 |
| 040 ## - FUENTE DE LA CATALOGACIÓN | |
| Centro catalogador/agencia de origen | DO-SdBNP |
| Lengua de catalogación | spa |
| Centro/agencia transcriptor | BNPHU |
| 082 ## - NÚMERO DE LA CLASIFICACIÓN DECIMAL DEWEY | |
| Número de clasificación | xxx |
| Número de documento/Ítem | L566q |
| 049 ## - FONDOS LOCALES (OCLC) | |
| Fondos de biblioteca | BNGR |
| 100 1# - ENTRADA PRINCIPAL--NOMBRE DE PERSONA | |
| Nombre de persona | Lenin, V. I. |
| 9 (RLIN) | 45797 |
| 245 10 - MENCIÓN DE TÍTULO | |
| Título | ¿Qué hacer? / |
| Mención de responsabilidad, etc. | V. I. Lenin. |
| 250 ## - MENCIÓN DE EDICIÓN | |
| Mención de edición | 2a ed. |
| 260 ## - PUBLICACIÓN, DISTRIBUCIÓN, ETC. | |
| Lugar de publicación, distribución, etc. | Madrid : |
| Nombre del editor, distribuidor, etc. | Akal, |
| Fecha de publicación, distribución, etc. | 1978. |
| 300 ## - DESCRIPCIÓN FÍSICA | |
| Extensión | 210 p. ; |
| Dimensiones | 18 cm. |
| 490 ## - MENCIÓN DE SERIE | |
| Mención de serie | Akal; |
| Designación de volumen o secuencia | 16 |
| 500 ## - NOTA GENERAL | |
| Nota general | Incluye notas al pie página |
| 834 ## - | |
| -- | Akal; |
| -- | 16 |
| Estado de retiro | Estado de pérdida | Restricciones de uso | No para préstamo | Código de colección | Localización permanente | Ubicación/localización actual | Ubicación en estantería | Fecha de adquisición | Número de inventario | Total de préstamos | Signatura topográfica completa | Código de barras | Fecha visto por última vez | Precio válido a partir de | Tipo de ítem Koha |
|---|---|---|---|---|---|---|---|---|---|---|---|---|---|---|---|
| Excluido de préstamo | Monografías: Libros y Folletos | General | General | En catalogación | 16.09.2010 | LF1 | xxx L566q | 22104-10 | 25.06.2020 | 25.06.2020 | No se presta |
